| 000 | 01078nam a22003613 4500 | ||
|---|---|---|---|
| 001 | 22941 | ||
| 003 | SK-KTurca | ||
| 005 | 20260512083656.0 | ||
| 008 | 250807s2025 xo d 000 f slo d | ||
| 020 |
_a9788056913154 _q(viazané) |
||
| 035 | _aa000774831 | ||
| 040 |
_aUKB _bslo _dUKB _erda |
||
| 041 | 0 | _aslo | |
| 044 |
_axo _cSK |
||
| 072 | 7 |
_a821.162.4-3 _xSlovenská próza _2konspekt |
|
| 080 |
_a821.162.4-31 _22011 |
||
| 080 |
_a(0:82-311.6) _22011 |
||
| 080 |
_a(0:82-312.5) _22011 |
||
| 100 | 1 |
_aMagulová, Veronika, _d1989- _4aut |
|
| 245 | 1 | 0 |
_aPísané vo hviezdach _cVeronika Magulová |
| 250 | _a1. vydanie | ||
| 264 | 1 |
_aBratislava _bMarenčin PT _c2025 |
|
| 300 | _a334 strán | ||
| 336 |
_atext _btxt _2rdacontent |
||
| 337 |
_abez média _bn _2rdamedia |
||
| 338 |
_azväzok _bnc _2rdacarrier |
||
| 655 | 7 |
_aslovenské romány _2UKBPH |
|
| 655 | 7 |
_ahistorické romány _2UKBPH |
|
| 655 | 7 |
_aľúbostné romány _2UKBPH |
|
| 700 | 1 |
_aBlehová, Marta _4bkd |
|
| 942 |
_2ddc _cKLDO _n0 |
||
| 980 | _aMarenčin PT spol. s.r.o., Jelenia 6, 811 05 Bratislava | ||
| 999 |
_c22941 _d22941 |
||